[Event "Warsaw YMCA Winter-A 209th"]
[Site "Warsaw"]
[Date "2019.03.20"]
[Round "12"]
[White "Litwiniec, Michal"]
[Black "Podgorski, Maciej"]
[Result "0-1"]
[WhiteElo "1832"]
[BlackElo "1818"]
[PlyCount "80"]
[EventDate "2019.01.11"]
[EventType "swiss"]
[EventRounds "13"]
[EventCountry "POL"]
[SourceTitle "CBM 189 Extra"]
[Source "ChessBase"]
[SourceDate "2019.06.03"]
[SourceVersion "1"]
[SourceVersionDate "2019.06.03"]
[SourceQuality "1"]

1. e4 c5 2. Nf3 d6 3. d3 Nc6 4. g3 e6 5. Bg2 Nf6 6. 0-0 Be7 7. Nbd2 d5 8. e5 Nd7 9. Re1 Qc7 10. Qe2 b6 11. Nf1 Bb7 12. Bf4 h6 13. h4 0-0-0 14. c3 Rdg8 15. h5 g5 16. hxg6 fxg6 17. Bd2 g5 18. g4 h5 19. N1h2 Kb8 20. d4 Qd8 21. b3 Nf8 22. dxc5 bxc5 23. b4 Ng6 24. bxc5 hxg4 25. Nxg4 Nf4 26. Qf1 Bxc5 27. Rab1 Qe7 28. Qb5 Ka8 29. Nf6 Rb8 30. Qf1 Nxe5 31. Nxe5 Qxf6 32. Ng4 Qf5 33. Bxf4 Qxf4 34. Qe2 Rh4 35. Ne5 Rbh8 36. Qf3 Qh2+ 37. Kf1 Rf4 38. Rb5 Rxf3 39. Nxf3 Qd6 40. Nxg5 Ba6 0-1

[Event "Warsaw YMCA Winter-A 209th"]
[Site "Warsaw"]
[Date "2019.02.08"]
[Round "5"]
[White "Choroszej, Aleksander"]
[Black "Litwiniec, Michal"]
[Result "1-0"]
[WhiteElo "2091"]
[BlackElo "1832"]
[PlyCount "71"]
[EventDate "2019.01.11"]
[EventType "swiss"]
[EventRounds "13"]
[EventCountry "POL"]
[SourceTitle "CBM 189 Extra"]
[Source "ChessBase"]
[SourceDate "2019.06.03"]
[SourceVersion "1"]
[SourceVersionDate "2019.06.03"]
[SourceQuality "1"]

1. d4 d5 2. c4 e6 3. Nc3 Bb4 4. a3 Bxc3+ 5. bxc3 Nf6 6. f3 c5 7. cxd5 exd5 8. e3 0-0 9. Bd3 Re8 10. Ne2 b6 11. 0-0 Ba6 12. g4 h6 13. Ng3 Bxd3 14. Qxd3 Nc6 15. Ra2 Qd7 16. Rg2 Ne7 17. h4 Nh7 18. e4 cxd4 19. cxd4 Rac8 20. e5 Qc6 21. Nf5 Qc3 22. Qd1 Rc6 23. Bb2 Qa5 24. Nd6 Rb8 25. f4 b5 26. g5 Qc7 27. gxh6 g6 28. f5 Rxd6 29. exd6 Qxd6 30. fxg6 fxg6 31. Bc1 Rf8 32. h5 g5 33. Bxg5 Kh8 34. Rxf8+ Nxf8 35. Qf3 Nh7 36. Bf4 1-0